Country Flags That Have Animals On Them - Statistics

General Stats
  • This quiz has been taken 40 times
    32 since last reset
  • The average score is 15 of 23
Answer Stats
Animal Type(s) Answer % Correct
bird, snake Mexico
92%
Dragon Bhutan
88%
bird Albania
84%
bird Kazakhstan
80%
bird Serbia
76%
Lion Spain
72%
bird Zambia
72%
Cattle Andorra
68%
bird, cow Moldova
68%
Lion Sri Lanka
68%
bird Ecuador
64%
bird Zimbabwe
64%
Goat Croatia
60%
bird Egypt
60%
bird Guatemala
60%
bird Montenegro
60%
bird Dominica
56%
bird, lion Fiji
52%
bird Kiribati
52%
bird Uganda
48%
bird Papua New Guinea
44%
horse Malta
40%
bird Bolivia
32%
No matching quizzes found
Score Distribution
Percent of People with Each Score
Percentile by Number Answered
Your Score History
You have not taken this quiz since the last reset